Ortsgespräche.

Unter dem Schlagwort des spatial turn erlebt 'Raum' gegenwärtig eine ungeahnte Renaissance in der Geschichtswissenschaft. Was dort schnell zur Mode geworden ist, beschäftigt andere Disziplinen indes schon seit langem. Der interdisziplinär angelegte Band bereitet daher Theorie- und Wissensa...

Full description

Bibliographic Details
Corporate Author: Walter de Gruyter & Co
Format: Software eBook
Language:German
Language Notes:German.
Published: Bielefeld transcript Verlag 2005.
Subjects:
Online Access:Connect to the full text of this electronic book

MARC

Tag First Indicator Second Indicator Subfields
LEADER 00000cam a2200000Mu 4500
001 in00004774913
006 m o d
007 cu uuu---auuuu
008 200211s2005 gw o 000 u ger d
005 20240212223600.0
035 |a (OCoLC)on1147274117 
040 |a SFB  |b eng  |c SFB  |d OCLCQ  |d LUN 
024 7 |a 10.14361/9783839403129  |2 doi 
035 |a (OCoLC)1147274117 
072 7 |a JFC  |2 bicssc 
084 |a AP 13300  |2 rvk 
049 |a TXAM 
245 0 0 |a Ortsgespräche. 
260 |a Bielefeld  |b transcript Verlag  |c 2005. 
300 |a 1 online resource (380) 
336 |a text  |b txt  |2 rdacontent 
337 |a computer  |b c  |2 rdamedia 
338 |a online resource  |b cr  |2 rdacarrier 
505 0 0 |t Frontmatter --  |t Inhalt --  |t Vorwort /  |r Rüsen, Jörn --  |t Editorial --  |t Einleitung --  |t Verräumlichung. Kommunikative Praktiken in historischer Perspektive, 1840-1930 --  |t Raumkonzeptionen --  |t Raumvorstellungen in den Geschichts-, Sozial- und Kulturwissenschaften. Epistemologische Profile /  |r Mejstrik, Alexander --  |t Die (Un-)Ordnung des Raumes. Bemerkungen zum Wandel geographischer Raumkonzepte im ausgehenden 20. Jahrhundert /  |r Miggelbrink, Judith --  |t Rekonstruktion alltäglicher Raumkonstruktionen. Eine Schnittstelle von Sozialgeographie und Geschichtswissenschaft? /  |r Schlottmann, Antje --  |t Techniken kommunikativer Raumerschließung --  |t Pfadfinder. Zur Kolonialisierung des geographischen Raumes /  |r Honold, Alexander --  |t Die Modernisierung des nordatlantischen Raumes. Cyrus Field, Taliaferro Shaffner und das submarine Telegraphennetz von 1858 /  |r Holtorf, Christian --  |t Telefonieren als besondere Form gedehnter Äußerung und die Veränderung von Raumbegriffen im frühen 20. Jahrhundert /  |r Konitzer, Werner --  |t Urbane Topographien der Kommunikation --  |t Promenadenmischungen. Raum und Kommunikation in Hydropolen, 1830-1880 /  |r Geisthövel, Alexa --  |t Öffentliche Ermittlungen und ihre Aneignungen im urbanen Raum. Verbrecherjagden im Berlin des Kaiserreichs /  |r Müller, Philipp --  |t Schwellenräume und Übergangsmenschen. Öffentliche Kommunikation in der modernen Großstadt, 1880-1930 /  |r Knoch, Habbo --  |t Kommunikation ästhetisierter Räume --  |t Raum visualisieren. Zur Genese des modernen Raumverständnisses in Medien der Frühen Neuzeit /  |r Michalsky, Tanja --  |t Architektur und Kommunikation. Zur symbolischen Form der städtischen Villa im 19. Jahrhundert /  |r Rooch, Alarich --  |t Kommunizierende Räume. Das Museum /  |r Paul, Stefan --  |t Anhang --  |t Raum und Kommunikation. Eine Auswahlbibliographie --  |t Autorinnen und Autoren --  |t Backmatter 
520 |a Unter dem Schlagwort des spatial turn erlebt 'Raum' gegenwärtig eine ungeahnte Renaissance in der Geschichtswissenschaft. Was dort schnell zur Mode geworden ist, beschäftigt andere Disziplinen indes schon seit langem. Der interdisziplinär angelegte Band bereitet daher Theorie- und Wissensangebote aus verschiedenen Nachbardisziplinen für historiographische Zwecke auf und lotet zugleich anhand von Fallstudien das Verhältnis von Raum und Kommunikation im 19. und 20. Jahrhundert aus. Dabei steht nichts weniger als die Eignung von Raum als Zentralkategorie für eine neu zu konzipierende Kommunikationsgeschichte zur Disposition. 
546 |a German. 
650 7 |a Cultural studies.  |2 bicssc 
655 7 |a Electronic books.  |2 local 
710 2 |a Walter de Gruyter & Co. 
776 0 |z 3899423127 
856 4 0 |u https://www.degruyter.com/openurl?genre=book&isbn=9783839403129  |z Connect to the full text of this electronic book  |t 0 
955 |a De Gruyter Open Access ebooks 
994 |a 92  |b TXA 
999 f f |s 841aae9f-f4f8-44fa-a9a2-b4f8459e2fa7  |i 6a07bdcd-fe6a-4070-b8f8-050d3239576a  |t 0 
952 f f |a Texas A&M University  |b College Station  |c Electronic Resources  |d Available Online  |t 0  |h Library of Congress classification 
998 f f |t 0  |l Available Online